Company /

Set firmly in, and often about, New York, this movie follows five married, once married, or soon to be married couples and their mutual friend, Robert, a 35 year old bachelor who has been unable to connect in a long-term relationship. The relationships are presented in a series of vignettes, primari...

Full description

Bibliographic Details
Corporate Authors: Ellen M. Krass Productions, New York Philharmonic, Image Entertainment (Firm)
Other Authors: Price, Lonny, Harris, Neil Patrick, 1973-, Bierko, Craig, LuPone, Patti, Gemignani, Paul (Conductor), Colbert, Stephen, 1964-, Plimpton, Martha, 1970-, Rose, Anika Noni, 1972-, Hendricks, Christina, 1975-, Cryer, Jon, 1965-, Lazar, Aaron, Paice, Jill, Thompson, Jennifer Laura, Walton, Jim, Whitehead, Chryssie, Sondheim, Stephen
Format: Video DVD
Language:English
Language Notes:In English with optional English subtitles.
Published: Chatsworth, Calif. : Image Entertainment, 2012.
Subjects:

MARC

Tag First Indicator Second Indicator Subfields
LEADER 00000cgm a2200000Ia 4500
001 in00002786867
005 20151202172140.0
007 vd cvaizq
008 121019s2012 cau145 vleng d
024 1 |a 014381828221 
028 4 2 |a ID8282EKDVD  |b Image Entertainment 
035 |a (OCoLC)ocn813442789 
035 |a (OCoLC)813442789 
037 |b Midwest Tape  |n http://www.midwesttapes.com 
040 |a TEFMT  |c TEFMT  |d TEF  |d IZ8  |d CWJ  |d JAO  |d UtOrBLW 
049 |a TXAM 
050 4 |a PN1997.2  |b .C66 2012 
082 0 4 |a 791.43/72  |2 23 
090 |a PN1997.2  |b .C623 2012 
245 0 0 |a Company /  |c Ellen M. Krass Productions presents. 
246 1 |i Title on disc:  |a Stephen Sondheim's company with the New York Philharmonic 
264 1 |a Chatsworth, Calif. :  |b Image Entertainment,  |c 2012. 
300 |a 1 videodisc (145 min.) :  |b sound, color ;  |c 4 3/4 in. 
336 |a two-dimensional moving image  |b tdi  |2 rdacontent 
337 |a video  |b v  |2 rdamedia 
338 |a videodisc  |b vd  |2 rdacarrier 
538 |a DVD; NTSC; widescreen (16x9) presentation; Dolby Digital 5.1. 
546 |a In English with optional English subtitles. 
511 1 |a Neil Patrick Harris, Craig Bierko, Patti Lupone, Stephen Sondheim, Stephen Colbert, Martha Plimpton, Anika Noni Rose, Christina Hendricks, Jon Cryer, Aaron Lazar, Jill Paice, Jennifer Laura Thompson, Jim Walton, Chryssie Whitehead. 
508 |a Music and lyrics by Stephen Sondheim, book by George Furth, choreography by Josh Rhodes, costumes by Tracy Christensen, produced by Lonny Price and Matt Cowart, directed by Lonny Price. 
500 |a Originally released as a motion picture in 2011. 
521 8 |a MPAA Rating: Not rated. 
520 |a Set firmly in, and often about, New York, this movie follows five married, once married, or soon to be married couples and their mutual friend, Robert, a 35 year old bachelor who has been unable to connect in a long-term relationship. The relationships are presented in a series of vignettes, primarily through Bobby's eyes, so that we see the less than ideal aspects of commitment. Eventually, Bobby learns that while relationships aren't perfect, they are a necessary part of 'Being Alive.' 
500 |a Videorecording. 
650 0 |a Man-woman relationships  |z New York (State)  |z New York  |v Drama. 
650 0 |a Single men  |v Drama. 
651 0 |a New York (N.Y.)  |v Drama. 
655 7 |a Feature films.  |2 lcgft 
655 7 |a Concert films.  |2 lcgft 
655 7 |a Fiction films.  |2 lcgft 
655 7 |a Video recordings for the hearing impaired.  |2 lcgft 
700 1 |a Price, Lonny. 
700 1 |a Harris, Neil Patrick,  |d 1973- 
700 1 |a Bierko, Craig. 
700 1 |a LuPone, Patti. 
700 1 |a Gemignani, Paul,  |e conductor. 
700 1 |a Colbert, Stephen,  |d 1964- 
700 1 |a Plimpton, Martha,  |d 1970- 
700 1 |a Rose, Anika Noni,  |d 1972- 
700 1 |a Hendricks, Christina,  |d 1975- 
700 1 |a Cryer, Jon,  |d 1965- 
700 1 |a Lazar, Aaron. 
700 1 |a Paice, Jill. 
700 1 |a Thompson, Jennifer Laura. 
700 1 |a Walton, Jim. 
700 1 |a Whitehead, Chryssie. 
700 1 2 |a Sondheim, Stephen.  |t Company. 
710 2 |a Ellen M. Krass Productions. 
710 2 |a New York Philharmonic. 
710 2 |a Image Entertainment (Firm) 
994 |a C0  |b TXA 
948 |a cataloged  |b h  |c 2013/1/3  |d c  |e blrosas  |f 1:16:47 pm 
999 |a MARS 
999 f f |s 133a2d13-c54d-315f-95dd-9bc2904c02cb  |i 8efe9fac-29f6-3569-8008-0b5032172553  |t 0 
952 f f |p dvd  |a Texas A&M University  |b College Station  |c Sterling C. Evans Library  |d Evans: Media and Reserves (Annex 1st floor)  |t 0  |e PN1997.2 .C623 2012  |h Library of Congress classification  |i video -- videodisc  |m A14841629501 
998 f f |a PN1997.2 .C623 2012  |t 0  |l Evans: Media and Reserves (Annex 1st floor)